Nové normy systému manažérstva kvality ISO/DIS 9000:2000 sa dostávajú do životar
Dôvody zavádzania nových noriem systému manažérstva kvality. Charakteristika nových návrhov noriem. Model procesného prístupu využívaný v ISO 9001:2000 a v ISO 9004:2000. Zásadné zmeny zavedené do návrhov noriem. Úžitok z navrhovaných noriem. Prechodné obdobie a platnosť noriem a postup prác na ich...
Na minha lista:
| Autor principal: | |
|---|---|
| Formato: | Capítulo de Livro |
| Idioma: | tcheco |
| Assuntos: | |
| Tags: |
Sem tags, seja o primeiro a adicionar uma tag!
|
MARC
| LEADER | 00000naa a2200000 4500 | ||
|---|---|---|---|
| 001 | r039039 | ||
| 005 | 20231002065753.8 | ||
| 041 | 0 | |a cze | |
| 044 | |a SK | ||
| 245 | 1 | 0 | |a Nové normy systému manažérstva kvality ISO/DIS 9000:2000 sa dostávajú do životar |c Matej Bílý |
| 520 | |a Dôvody zavádzania nových noriem systému manažérstva kvality. Charakteristika nových návrhov noriem. Model procesného prístupu využívaný v ISO 9001:2000 a v ISO 9004:2000. Zásadné zmeny zavedené do návrhov noriem. Úžitok z navrhovaných noriem. Prechodné obdobie a platnosť noriem a postup prác na ich implementácii. | ||
| 610 | 2 | 0 | |a riadenie kvality |
| 610 | 2 | 0 | |a systém riadenia kvality |
| 610 | 2 | 0 | |a normy kvality |
| 610 | 2 | 0 | |a kvalita |
| 610 | 2 | 0 | |a normy ISO |
| 100 | 1 | |a Bílý, Matej | |